1612 1561 1509 1916 1594 1166 1096 1406 1819 1691 1741 1989 1031 1552 1730 1302 1596 1594 1689 1124 1014 1116 1282 1522 1849 1925 1522 1586 1557 1671 1380 1628 1837 1081 1732 1808 1496 1857 1447 1879 1593 1886 1717 1667 1610 1561 1311 1968 1410 1674 1254 1888 1406 1529 1123 1149 1210 1831 1507 1202 1836 1107 1952 1295 1122 1503 1451 1127 1134 1711 1062 1975 1896 1201 1302 1520 1166 1285 1702 1479 1550 1201 1372 1858 1984 1765 1430 1320 1543 1729 1925 1983 1875 1209 1849 1400 1671 1399 1930 BCNSPRNW ULIB Ver.6.0+V

เปลี่ยนเป็นภาษาไทย

Change to English
 แสดงรายละเอียดบรรณานุกรม
  กลับหน้าหลัก

Brief Record : Get Marc (ISO 2709) : E-mail record : QR code < ปิดหน้าต่าง
LEADER : 00000nam 2200000uu 4500
001    13399127970
003     ULIB
008    211117s2563||||th 000 0 tha d
020    ^a9786165721424
050    ^aนว^bภ262ป
100 0  ^aภวันดร
245 10 ^aปริศนาชบาแดง /^cภวันดร
250    ^aพิมพ์ครั้งที่ 1
260    ^aกรุงเทพฯ :^bกู๊ดเฮด พริ้นท์ติ้ง แอนด์ แพคเกจจิ้ง กรุ๊ป,^c2563
300    ^a280 หน้า ;^c21 ซม.
650  0 ^aนวนิยาย
945    ^p333^l0^i008560
999    ^aประนอม เกษจรัล
รายการนี้ยังไม่มีแท็ก
คุณยังไม่ได้ล็อกอิน คุณสามารถมีกิจกรรมร่วมกับเว็บไซต์ได้ แต่ต้องล็อกอินก่อน ::
  ล็อกอิน

รายการสื่อสารสนเทศ

ลำดับที่ ประเภท เลขเรียก/บาร์โค้ด สถานที่ สถานะ
1. นวนิยาย
นวนิยาย
นว ภ262ป ฉ.1 
  Barcode: 008560
ห้องสมุดวิทยาเขตสวรรค์ประชารักษ์
►นวนิยาย
บนชั้น
  ขอยืม

รายการใกล้เคียง
    ผู้แต่ง [ภวันดร]

    หัวเรื่อง [นวนิยาย]

BibComment


ยังไม่เคยถูกคอมเมนท์

คอมเมนท์ทรัพยากรรายการนี้
  คอมเมนท์: ปริศนาชบาแดง ภว..


 Copyright 2026. Bcnsprnw @Library